El atlas del rey planeta (Record no. 3100)

MARC details
000 -CABECERA
campo de control de longitud fija 00901nam a2200229 a 4500
001 - NÚMERO DE CONTROL
campo de control BRCA_3364
005 - FECHA Y HORA DE LA ÚLTIMA TRANSACCIÓN
campo de control 20190320204238.0
008 - DATOS DE LONGITUD FIJA--INFORMACIÓN GENERAL
campo de control de longitud fija 310309s2002----sp-a---###---#000-0#spa-#
020 ## - NÚMERO INTERNACIONAL ESTÁNDAR DEL LIBRO
Número Internacional Estándar del Libro 848956986X
041 ## - CÓDIGO DE LENGUA
Código de lengua del texto/banda sonora o título independiente spa
044 ## - CÓDIGO DEL PAÍS DE LA ENTIDAD EDITORA/PRODUCTORA
Código MARC del país sp
050 #4 - SIGNATURA TOPOGRÁFICA DE LA BIBLIOTECA DEL CONGRESO
Número de clasificación G1965
Número de documento/Ítem .A85 2002
245 10 - MENCIÓN DE TÍTULO
Título El atlas del rey planeta
Resto del título la descripción de España y de las costas y puertos de sus reinos de Pedro Texeira (1634)
Mención de responsabilidad, etc. edición de Felipe Pereda, Fernando Marías.
260 ## - PUBLICACIÓN, DISTRIBUCIÓN, ETC.
Lugar de publicación, distribución, etc. España
Nombre del editor, distribuidor, etc. Nerea
Fecha de publicación, distribución, etc. 2002
300 ## - DESCRIPCIÓN FÍSICA
Extensión 1 atlas (398 p.)
Otras características físicas il., 87 láminas a color, mapas
Dimensiones 32 cm.
500 ## - NOTA GENERAL
Nota general Incluye lista de ilustraciones, descripción del atlas e índice onomástico
650 14 - PUNTO DE ACCESO ADICIONAL DE MATERIA--TÉRMINO DE MATERIA
Término de materia o nombre geográfico como elemento de entrada Cartografía
Subdivisión de forma Facsímil
Subdivisión general Historia
Subdivisión cronológica Felipe IV, 1621-1665
Subdivisión geográfica España
9 (RLIN) 8861
651 #4 - PUNTO DE ACCESO ADICIONAL DE MATERIA--NOMBRE GEOGRÁFICO
Nombre geográfico España
Subdivisión de forma Mapas
Subdivisión general Historia
Subdivisión cronológica Trabajos anteriores a 1800
9 (RLIN) 8862
700 1# - PUNTO DE ACCESO ADICIONAL--NOMBRE DE PERSONA
Nombre de persona Pereda, Felipe
9 (RLIN) 8863
700 1# - PUNTO DE ACCESO ADICIONAL--NOMBRE DE PERSONA
Nombre de persona Marías, Fernando
9 (RLIN) 8864
942 ## - ELEMENTOS DE PUNTO DE ACCESO ADICIONAL (KOHA)
Fuente del sistema de clasificación o colocación Library of Congress Classification
Tipo de ítem Koha Libros
Holdings
Estado de retiro Estado de pérdida Estado dañado No para préstamo Localización permanente Ubicación/localización actual Fecha de adquisición Total de préstamos Signatura topográfica completa Código de barras Fecha visto por última vez Precio válido a partir de Tipo de ítem Koha
El ejemplar forma parte de la colección y puede ser consultado según las políticas vigentes.       Biblioteca del Museo Franz Mayer (Rogerio Casas-Alatriste) Biblioteca del Museo Franz Mayer (Rogerio Casas-Alatriste) 31/03/2009   G1965 .A85 2002 01264 22/03/2019 22/03/2019 Libros